000
00322nam a22001457a 4500
008
230524b ||||| |||| 00| 0 eng d
020
_a
9782092517710
041
_a
FRA
080
_a
82
082
_a
82BEN
100
_a
38
101
_a
GJL
245
_a
COMMENT JE SUIS DEVENUE CELEBRE
_c
BENWAY . R
942
_2
udc
_c
BK
999
_c
59836
_d
59836